NISEB journal: Journal of the Nigerian Society for Experimental Biology. (Record no. 44272)
[ view plain ]
| 000 -LEADER | |
|---|---|
| fixed length control field | 00499nam a2200157Ia 4500 |
| 022 ## - INTERNATIONAL STANDARD SERIAL NUMBER | |
| ISSN | 1595-6938 |
| 050 ## - CALL MARK | |
| Classification number | QH 324 .N57/ |
| 245 #0 - TITLE STATEMENT | |
| Title | NISEB journal: Journal of the Nigerian Society for Experimental Biology. |
| 250 ## - EDITION / VOLUME STATEMENT | |
| Edition / Volume statement | Vol. 22, No. 1/2 |
| 260 ## - PUBLICATION, DISTRIBUTION, ETC. (IMPRINT) | |
| Place of publication | Ilorin, Kwara State. |
| 260 ## - PUBLICATION, DISTRIBUTION, ETC. (IMPRINT) | |
| Name of publisher | Nigerian Society for Experimental Biology |
| 260 ## - PUBLICATION, DISTRIBUTION, ETC. (IMPRINT) | |
| Year of publication | 2022 |
| 650 ## - SUBJECT ADDED ENTRY--TOPICAL TERM | |
| Topical Term | Biology, Experimental--Nigeria--Periodicals. Biology, Experimental--Periodicals. |
| 942 ## - ADDED ENTRY ELEMENTS (KOHA) | |
| Koha item type | Serials |
| Source of classification | Library of Congress Classification |
No items available.